00778nam a2200205Ia 4500001001000000003000500010008004100015010001100056040000900067100003200076245014900108260003400257300001000291502008400301650004000385650005000425650002600475650002100501710005000522Para_8890CHAP220125s2001 xx 000 0 und d a203695 cCHAP aChavarría Romero, Higinio aEstudios sobre Pratylenchus thornei en trigo en México :bcultivo monoxénico, ciclo de vida y resistencia /c por Higinio Chavarría Romero aChapingo, Méx. :b el autor a84 h. aTesis (M.C. Protección Vegetal) UACh. Departamento Parasitología Agrícola aNemátodos parásitos de plantas  aNemátodos parásitos de plantas x control aPratylenchus thornei  aTrigo x plagas  aUACh. Departamento Parasitología Agrícola